01390cam a22003495a 450000100090000000300090000900500170001800800410003502000300007602000150010602000180012104000330013908200190017210000600019124500920025126400440034330000280038733600260041533700280044133800270046950400520049665000410054865000440058965000530063365100100068665300260069665500240072285600830074694200270082999900170085695201670087315375723EG-ScBUE20220407103033.0080722s2009 nyua f b 001 0 eng d a9780415962711 (hardcover) a0415962706 a9780415962704 aDLCbengerdacDLCdEG-ScBUE04222a410.1bGRI1 aGries, Stefan Thomas,‏ ‎d1970-‏ eauthor.94134210aQuantitative corpus linguistics with R :ba practical introduction /cStefan Th. Gries. 1aNew York ;aLondon :bRoutledge,c2009. avii, 248 pages ;c26 cm 2rdacontentatextbtxt 2rdamediaaunmediatedbn 2rdacarrieravolumebnc aIncludes bibliographical references and index.  7aCorpora (Linguistics).2BUEsh940992 7aComputational linguistics.2BUEsh94459 7aLinguistics xStatistical methods.2BUEsh941184 2BUEsh bHHUUEENNcOctober2016 vReading book934232413Table of contents onlyuhttp://www.loc.gov/catdir/toc/ecip0824/2008032294.html 2ddce22k410.1 GRIcBB c22461d22433 00102ddc40708BaccahaMAINbMAINc2NDd2016-10-05ePurchaseg438.00h26103l1m1o410.1 GRIp000033453r2025-07-15 00:00:00s2018-09-05v548.00w2016-10-05yBB